[Event "COL-ch U20"]
[Site "Barranquilla"]
[Date "2022.07.07"]
[Round "3"]
[White "Olivella Fonseca, Fabio Junior"]
[Black "Cordoba Roa, Angel Gabriel"]
[Result "0-1"]
[WhiteElo "1753"]
[BlackElo "2106"]
[PlyCount "76"]
[EventDate "2022.07.06"]
[EventType "swiss"]
[EventRounds "9"]
[EventCountry "COL"]
[SourceTitle "EXT 2023"]
[Source "ChessBase"]
[SourceDate "2022.10.05"]
[SourceVersion "1"]
[SourceVersionDate "2022.10.05"]
[SourceQuality "1"]

1. d4 Nf6 2. c4 c5 3. d5 e6 4. Nc3 exd5 5. cxd5 d6 6. Nf3 g6 7. e4 Bg7 8. h3 0-0 9. Bd3 b5 10. Bxb5 Nxe4 11. Nxe4 Qa5+ 12. Bd2 Qxb5 13. Nxd6 Qxb2 14. Rc1 Qxa2 15. Rxc5 Ba6 16. Qc2 Qa1+ 17. Qc1 Qf6 18. Nc4 Nd7 19. Rc6 Qe7+ 20. Be3 Qb4+ 21. Nfd2 Bb5 22. 0-0 Bxc6 23. dxc6 Nc5 24. Qc2 a5 25. Rb1 Qa4 26. Qxa4 Nxa4 27. Rb5 Bc3 28. Ne4 Rfc8 29. Nxc3 Nxc3 30. Rb3 Nd5 31. Rb5 Nxe3 32. fxe3 a4 33. Nb6 Rab8 34. Nxc8 Rxb5 35. Ne7+ Kg7 36. c7 Rc5 37. c8Q Rxc8 38. Nxc8 a3 0-1

[Event "COL-ch U20"]
[Site "Barranquilla"]
[Date "2022.07.06"]
[Round "1"]
[White "Olivella Fonseca, Fabio Junior"]
[Black "Sanchez Cabarcas, Samuel Alejandro"]
[Result "1/2-1/2"]
[WhiteElo "1753"]
[BlackElo "1652"]
[PlyCount "62"]
[EventDate "2022.07.06"]
[EventType "swiss"]
[EventRounds "9"]
[EventCountry "COL"]
[SourceTitle "EXT 2023"]
[Source "ChessBase"]
[SourceDate "2022.10.05"]
[SourceVersion "1"]
[SourceVersionDate "2022.10.05"]
[SourceQuality "1"]

1. d4 Nf6 2. c4 g6 3. Nc3 Bg7 4. e4 d6 5. f3 0-0 6. Be3 Nc6 7. Nge2 e5 8. d5 Ne7 9. Qd2 Bd7 10. g4 c6 11. Ng3 cxd5 12. cxd5 a6 13. g5 Ne8 14. h4 b5 15. h5 f5 16. gxf6 Nxf6 17. Bh6 Rf7 18. Bxg7 Rxg7 19. 0-0-0 Rc8 20. Kb1 b4 21. Nce2 Qb6 22. Rc1 b3 23. Rxc8+ Nxc8 24. Bh3 Bxh3 25. Rxh3 Nxh5 26. Nxh5 gxh5 27. Rxh5 Ne7 28. Rh2 Ng6 29. Rg2 Nf4 30. Rxg7+ Kxg7 31. Nc1 bxa2+ 1/2-1/2

[Event "COL Intercollegiate-ch blitz U18"]
[Site "Paipa"]
[Date "2019.12.15"]
[Round "8"]
[White "Moreno Gomez, Manuel"]
[Black "Olivella Fonseca, Fabio Junior"]
[Result "0-1"]
[WhiteElo "1602"]
[BlackElo "1639"]
[PlyCount "78"]
[EventDate "2019.12.15"]
[EventType "swiss (blitz)"]
[EventRounds "12"]
[EventCountry "COL"]
[SourceTitle "CBM 193 Extra"]
[Source "ChessBase"]
[SourceDate "2020.01.31"]
[SourceVersion "1"]
[SourceVersionDate "2020.01.31"]
[SourceQuality "1"]

1. e4 e5 2. Nf3 Nc6 3. Bb5 a6 4. Ba4 Nf6 5. Qe2 b5 6. Bb3 Be7 7. c3 0-0 8. 0-0 d6 9. Rd1 Na5 10. Bc2 c5 11. d3 Qc7 12. Nbd2 Re8 13. Nf1 Bf8 14. h3 Nc6 15. g4 g6 16. Ng3 b4 17. Bg5 Bg7 18. Bxf6 Bxf6 19. g5 Bg7 20. h4 a5 21. Nh2 a4 22. h5 a3 23. b3 bxc3 24. Rac1 Nd4 25. Qe3 Be6 26. Ne2 Qe7 27. Ng3 d5 28. h6 Bh8 29. f4 exf4 30. Qxf4 Rad8 31. e5 Nc6 32. Re1 Rb8 33. Kg2 Rb4 34. Qe3 Nxe5 35. Rf1 Rh4 36. Rf2 Bh3+ 37. Kg1 Ng4 38. Qxe7 Rxe7 39. Nxg4 Bxg4 0-1

[Event "COL Intercollegiate-ch blitz U18"]
[Site "Paipa"]
[Date "2019.12.15"]
[Round "5"]
[White "Perea Erazo, Janyert Julian"]
[Black "Olivella Fonseca, Fabio Junior"]
[Result "1-0"]
[WhiteElo "1590"]
[BlackElo "1639"]
[PlyCount "99"]
[EventDate "2019.12.15"]
[EventType "swiss (blitz)"]
[EventRounds "12"]
[EventCountry "COL"]
[SourceTitle "CBM 193 Extra"]
[Source "ChessBase"]
[SourceDate "2020.01.31"]
[SourceVersion "1"]
[SourceVersionDate "2020.01.31"]
[SourceQuality "1"]

1. e4 c5 2. Nf3 Nc6 3. Bb5 g6 4. Bxc6 dxc6 5. d3 Bg7 6. h3 Qc7 7. Nbd2 Nf6 8. 0-0 0-0 9. Re1 Nd7 10. Nc4 e5 11. b3 Re8 12. Bb2 b5 13. Ne3 Nf8 14. a4 Ne6 15. Ng4 Nd4 16. Nxd4 cxd4 17. Qf3 Qd8 18. Bc1 Bxg4 19. hxg4 a6 20. g3 c5 21. Kg2 Qf6 22. g5 Qxf3+ 23. Kxf3 f6 24. Rh1 fxg5 25. Bxg5 Rac8 26. axb5 axb5 27. Ra5 Rb8 28. Ra7 Rf8+ 29. Ke2 Ra8 30. Rxg7+ Kxg7 31. Bh6+ Kg8 32. Bxf8 Rxf8 33. Ra1 Rc8 34. Ra5 b4 35. Ra7 h6 36. Re7 Rc6 37. Rxe5 Kf7 38. f4 h5 39. Kf3 Rc8 40. Rd5 Rc7 41. e5 Rc6 42. Ke4 Rc7 43. Rd6 Ra7 44. Rc6 Ra5 45. f5 gxf5+ 46. Kxf5 Rb5 47. Rc7+ Ke8 48. Kf6 Rb6+ 49. e6 Rd6 50. Rc8+ 1-0

[Event "COL Intercollegiate-ch blitz U18"]
[Site "Paipa"]
[Date "2019.12.15"]
[Round "11"]
[White "Salas Severiche, Ruben Dario"]
[Black "Olivella Fonseca, Fabio Junior"]
[Result "1-0"]
[WhiteElo "1536"]
[BlackElo "1639"]
[PlyCount "95"]
[EventDate "2019.12.15"]
[EventType "swiss (blitz)"]
[EventRounds "12"]
[EventCountry "COL"]
[SourceTitle "CBM 193 Extra"]
[Source "ChessBase"]
[SourceDate "2020.01.31"]
[SourceVersion "1"]
[SourceVersionDate "2020.01.31"]
[SourceQuality "1"]

1. e4 e5 2. Nf3 Nc6 3. Bc4 Bc5 4. Nc3 Nf6 5. 0-0 0-0 6. Bb3 d6 7. d3 h6 8. h3 a6 9. a3 Ba7 10. Ba2 Be6 11. Bxe6 fxe6 12. Qe2 Qe8 13. Be3 Nh5 14. Bxa7 Nf4 15. Qe3 Rxa7 16. Nh4 g5 17. Qg3 Kh7 18. Nf3 Ng6 19. Rad1 Ra8 20. h4 gxh4 21. Nxh4 Nxh4 22. Qxh4 Rf4 23. Qh3 Qe7 24. Ne2 Rh4 25. Qe3 Qg5 26. Qxg5 hxg5 27. Ng3 Kg6 28. c3 Rah8 29. d4 Rf8 30. d5 exd5 31. exd5 Ne7 32. Rde1 Rff4 33. Ne2 Rf8 34. Ng3 Nxd5 35. Re4 Rff4 36. Rxf4 gxf4 37. Ne4 Kf5 38. g3 fxg3 39. fxg3+ Kxe4 40. gxh4 Nf4 41. Kf2 Kf5 42. Rh1 Nh5 43. Kf3 e4+ 44. Ke3 d5 45. Rg1 Nf6 46. Rg5+ Ke6 47. h5 c5 48. h6 1-0

[Event "COL Intercollegiate-ch U18"]
[Site "Paipa"]
[Date "2019.12.08"]
[Round "6"]
[White "Olivella Fonseca, Fabio Junior"]
[Black "Salas Severiche, Ruben Dario"]
[Result "1-0"]
[WhiteElo "1753"]
[BlackElo "1536"]
[PlyCount "67"]
[EventDate "2019.12.06"]
[EventType "swiss"]
[EventRounds "7"]
[EventCountry "COL"]
[SourceTitle "CBM 193 Extra"]
[Source "ChessBase"]
[SourceDate "2020.01.31"]
[SourceVersion "1"]
[SourceVersionDate "2020.01.31"]
[SourceQuality "1"]

1. d4 c6 2. c4 d5 3. Nf3 Nf6 4. Nc3 Bg4 5. Ne5 Bf5 6. Qb3 Qb6 7. c5 Qxb3 8. axb3 Nbd7 9. Bf4 e6 10. b4 Be7 11. h3 Nxe5 12. Bxe5 0-0 13. e3 Ne4 14. Nxe4 Bxe4 15. f3 Bg6 16. h4 h6 17. h5 Bh7 18. Kd2 b6 19. Ba6 bxc5 20. Bb7 Rad8 21. bxc5 f6 22. Bg3 e5 23. Rxa7 Rd7 24. Rha1 Rb8 25. Bxc6 Rxa7 26. Rxa7 Rxb2+ 27. Kc3 Rc2+ 28. Kb3 g5 29. Bxd5+ Kf8 30. Ra8+ Kg7 31. Ra7 Kf8 32. c6 Rc1 33. c7 Rb1+ 34. Ka2 1-0

[Event "COL Intercollegiate-ch U18"]
[Site "Paipa"]
[Date "2019.12.08"]
[Round "5"]
[White "Rico Duran, Juan Sebastian1111"]
[Black "Olivella Fonseca, Fabio Junior"]
[Result "0-1"]
[WhiteElo "1675"]
[BlackElo "1753"]
[PlyCount "80"]
[EventDate "2019.12.06"]
[EventType "swiss"]
[EventRounds "7"]
[EventCountry "COL"]
[SourceTitle "CBM 193 Extra"]
[Source "ChessBase"]
[SourceDate "2020.01.31"]
[SourceVersion "1"]
[SourceVersionDate "2020.01.31"]
[SourceQuality "1"]

1. e4 e5 2. Nf3 Nc6 3. Bc4 Bc5 4. c3 Nf6 5. d3 d6 6. Bb3 a6 7. 0-0 0-0 8. h3 h6 9. Re1 Ba7 10. Nbd2 Re8 11. Nf1 Be6 12. Bc2 d5 13. exd5 Bxd5 14. Ng3 Qd7 15. Be3 Bxe3 16. Rxe3 Rad8 17. Qe2 Bxf3 18. Qxf3 Qd5 19. Ne4 Nxe4 20. Rxe4 Rf8 21. Qh5 Qd6 22. Rae1 f5 23. R4e3 f4 24. Re4 Qf6 25. a4 a5 26. b4 axb4 27. cxb4 Nd4 28. Bd1 f3 29. Qxe5 Qxe5 30. Rxe5 fxg2 31. Kxg2 Nc6 32. Rb5 Rxd3 33. Rxb7 Rd2 34. Bf3 Nd4 35. Re3 Nf5 36. Rc3 Nh4+ 37. Kg3 Nf5+ 38. Kg4 Rd4+ 39. Be4 Rxe4+ 40. Kf3 Nd6+ 0-1

[Event "COL-chT Liga Quintal"]
[Site "Barranquilla"]
[Date "2019.05.19"]
[Round "4.3"]
[White "Olivella Fonseca, Fabio Junior"]
[Black "Vargas Castro, Carlos Gustavo"]
[Result "1-0"]
[WhiteElo "1633"]
[BlackElo "1600"]
[PlyCount "93"]
[EventDate "2019.03.17"]
[EventType "team-tourn"]
[EventRounds "7"]
[EventCountry "COL"]
[SourceTitle "EXT 2024"]
[Source "ChessBase"]
[SourceDate "2023.10.10"]
[SourceVersion "1"]
[SourceVersionDate "2023.10.10"]
[SourceQuality "1"]
[WhiteTeam "Quintal A"]
[BlackTeam "Rafael Mendoza MI"]
[WhiteTeamCountry "COL"]
[BlackTeamCountry "COL"]

1. d4 e6 2. c4 Nf6 3. Nc3 Bb4 4. e3 0-0 5. Nge2 b6 6. a3 Be7 7. e4 d6 8. g3 Bb7 9. Bg2 e5 10. 0-0 Nbd7 11. d5 a5 12. h3 Nc5 13. Be3 c6 14. b4 axb4 15. axb4 Ncd7 16. Qd2 Qc7 17. g4 cxd5 18. Nxd5 Nxd5 19. cxd5 Rfc8 20. Rfc1 Qd8 21. Ng3 Rxc1+ 22. Rxc1 Rc8 23. Nf5 Bf8 24. Bg5 f6 25. Be3 Ba6 26. Bf1 Bxf1 27. Kxf1 b5 28. Rc6 Nb8 29. Bb6 Qd7 30. Rc2 g6 31. Ne3 Bh6 32. Qc1 Rxc2 33. Qxc2 Bf8 34. Qc7 Qxc7 35. Bxc7 Na6 36. Ba5 Bh6 37. Nc2 Bd2 38. Ke2 Bc3 39. Kd3 Bb2 40. Ne3 Bd4 41. Nd1 Kf7 42. Nc3 Bxc3 43. Kxc3 Ke7 44. Bb6 Nb8 45. Be3 g5 46. Kd3 Kd7 47. Ke2 1-0

[Event "COL-ch U18 sf2"]
[Site "Malambo"]
[Date "2019.05.03"]
[Round "3.3"]
[White "Olivella Fonseca, Fabio Junior"]
[Black "Hoyos Garces, Rosana"]
[Result "1-0"]
[WhiteElo "1633"]
[BlackElo "1611"]
[PlyCount "93"]
[EventDate "2019.05.02"]
[EventType "swiss"]
[EventRounds "6"]
[EventCountry "COL"]
[SourceTitle "EXT 2024"]
[Source "ChessBase"]
[SourceDate "2023.10.10"]
[SourceVersion "1"]
[SourceVersionDate "2023.10.10"]
[SourceQuality "1"]

1. d4 d5 2. c4 e6 3. Nc3 Nf6 4. cxd5 exd5 5. Bg5 Be7 6. e3 0-0 7. Qc2 b6 8. Bxf6 Bxf6 9. Bd3 h6 10. Nf3 Re8 11. h3 Bb7 12. 0-0-0 Nd7 13. g4 c5 14. h4 cxd4 15. exd4 Be7 16. Kb1 Bb4 17. g5 h5 18. Ne2 Bd6 19. Qd2 Nf8 20. Ng3 g6 21. Rhe1 Qc7 22. Rc1 Rxe1 23. Qxe1 Qd7 24. Ne5 Qe7 25. f4 Ne6 26. Qf2 Bxe5 27. dxe5 Nc5 28. Bc2 Rf8 29. Re1 Qd7 30. f5 d4 31. Qd2 d3 32. Bd1 a5 33. e6 fxe6 34. fxg6 Qd4 35. Nxh5 Rf2 36. Qc3 Qxc3 37. bxc3 Ne4 38. Nf6+ Nxf6 39. gxf6 Rxf6 40. h5 Kg7 41. Rg1 e5 42. h6+ Kxh6 43. g7 Bd5 44. Bb3 Rg6 45. Rxg6+ Kxg6 46. Bxd5 Kxg7 47. Be4 1-0

[Event "COL-ch School U17"]
[Site "Florencia"]
[Date "2018.12.08"]
[Round "6.3"]
[White "Olivella Fonseca, Fabio Junior"]
[Black "Vargas Viscaino, Jesus Daniel"]
[Result "0-1"]
[WhiteElo "1616"]
[BlackElo "1421"]
[PlyCount "68"]
[EventDate "2018.12.06"]
[EventType "swiss"]
[EventRounds "6"]
[EventCountry "COL"]
[SourceTitle "EXT 2024"]
[Source "ChessBase"]
[SourceDate "2023.10.10"]
[SourceVersion "1"]
[SourceVersionDate "2023.10.10"]
[SourceQuality "1"]

1. e4 c5 2. Nf3 d6 3. d4 cxd4 4. Nxd4 Nf6 5. Nc3 a6 6. f4 e5 7. Nf3 Nbd7 8. a4 b6 9. Bd3 Be7 10. 0-0 0-0 11. fxe5 dxe5 12. Qe1 Qc7 13. Kh1 Re8 14. Bg5 Bb7 15. Nh4 g6 16. Nf3 Nh5 17. Bxe7 Rxe7 18. Qh4 Nf8 19. Rf2 Rae8 20. Raf1 Ne6 21. Ng5 Nxg5 22. Qxg5 Nf4 23. Rf3 Rd8 24. g3 Ne6 25. Qh6 Nd4 26. Rf6 b5 27. axb5 axb5 28. R1f2 b4 29. Nd1 b3 30. Ne3 Nxc2 31. Ng4 Qc5 32. R6f3 f5 33. Nf6+ Kh8 34. Qh4 Qd6 0-1

[Event "COL-ch School U17"]
[Site "Florencia"]
[Date "2018.12.06"]
[Round "2.6"]
[White "Mosquera Orjuela, Johan Esteban"]
[Black "Olivella Fonseca, Fabio Junior"]
[Result "0-1"]
[WhiteElo "1536"]
[BlackElo "1616"]
[PlyCount "85"]
[EventDate "2018.12.06"]
[EventType "swiss"]
[EventRounds "6"]
[EventCountry "COL"]
[SourceTitle "EXT 2024"]
[Source "ChessBase"]
[SourceDate "2023.10.10"]
[SourceVersion "1"]
[SourceVersionDate "2023.10.10"]
[SourceQuality "1"]

1. e4 c5 2. Nc3 Nc6 3. g3 g6 4. Bg2 Bg7 5. f4 d6 6. d3 e5 7. Nf3 Nge7 8. 0-0 0-0 9. h3 h6 10. Bd2 Be6 11. g4 f5 12. Nh4 fxg4 13. hxg4 exf4 14. Bxf4 g5 15. Bxg5 hxg5 16. Nf5 Nxf5 17. gxf5 Bd4+ 18. Kh2 Bf7 19. Qg4 Ne5 20. Qh3 Qf6 21. Rh1 Kg7 22. Qg3 Rh8+ 23. Bh3 g4 24. Kg2 Qg5 25. Kf1 Qh4 26. Qxh4 Rxh4 27. Bg2 Rxh1+ 28. Bxh1 Rh8 29. Kg2 Kf6 30. a4 Nf3 31. Kg3 Kg5 32. Bxf3 Rh3+ 33. Kg2 Rxf3 34. Rc1 Rf2+ 35. Kg3 Rf3+ 36. Kg2 Bh5 37. Nb5 Kf4 38. c3 Be3 39. Rc2 g3 40. Na3 Rf2+ 41. Rxf2+ gxf2 42. f6 Be2 43. f7 0-1

[Event "COL-ch U16 sf1"]
[Site "Riohacha"]
[Date "2018.03.08"]
[Round "3.2"]
[White "Olivella Fonseca, Fabio Junior"]
[Black "Salcedo Rodelo, Brayan"]
[Result "1-0"]
[WhiteElo "1616"]
[BlackElo "1619"]
[PlyCount "49"]
[EventDate "2018.03.07"]
[EventType "swiss"]
[EventRounds "6"]
[EventCountry "COL"]
[SourceTitle "EXT 2024"]
[Source "ChessBase"]
[SourceDate "2023.10.10"]
[SourceVersion "1"]
[SourceVersionDate "2023.10.10"]
[SourceQuality "1"]

1. e4 c5 2. Nf3 d6 3. d4 cxd4 4. Nxd4 Nf6 5. Nc3 g6 6. Be3 Bg7 7. f3 0-0 8. Bc4 Nc6 9. Qd2 Bd7 10. 0-0-0 Qa5 11. Kb1 Rfc8 12. Bb3 Ne5 13. h4 b5 14. Ncxb5 Qb6 15. Nc3 Nc4 16. Bxc4 Rxc4 17. Nf5 Qd8 18. Nxg7 Kxg7 19. g4 Rb8 20. h5 Be6 21. hxg6 fxg6 22. Bd4 Rxd4 23. Qxd4 Qa5 24. Nd5 Bxd5 25. exd5 1-0